000 01826nam0a22003491 4500
001 rc\2630537
005 20260122042511.0
035 _a(NLR Aleph) 006793998
090 _a6173692
_c6173692
100 _a20110914d1931 u y0rusy50 ca
101 1 _arus
_cund
102 _aRU
105 _aa z |||||
200 1 _aФотографические эмульсии
_dPhotographic emulsions
_fЭ. Уолл. E. Jwall [?] [E. J. Wall]
_gПер. В. К. Васильева
_gПод ред. проф. А. И. Рабиновича
210 _aЛенинград
_cОгиз - Гос. науч.-техн. изд-во Ленхимсектор
_d1931
_gтип. Гидр. упр.
215 _a214 с.
_cил.
_d23х15 см.
320 _aБиблиография: "Литература" в конце отдельных глав
510 0 _aPhotographic emulsions
700 1 _aУол
_bЭ.Д.
_gЭдвард Джон
702 1 _aВасильев
_bВ.К.
_4730
702 1 _4340
_7ca
_8rus
_aРабинович
_bА. И.
_cд-р хим. наук
_f1893-1942
_gАдольф Иосифович
_9214081
_3RU\NLR\AUTH\770214137
801 0 _aRU
_bNLR
_gpsbo
801 1 _aRU
_bELAR
_2rusmarc
852 _aNLR
_j32-4/416
856 4 _lSV_MBA
_tVIEW
_uhttps://webservices.nlr.ru/viewer/file?name=p006793998_002.jpg
_x001
_yСтраница
856 4 _lSV_MBA
_tVIEW
_uhttps://webservices.nlr.ru/viewer/file?name=p006793998_003.jpg
_x002
_yСтраница
856 4 _lSV_MBA
_tVIEW
_uhttps://webservices.nlr.ru/viewer/file?name=p006793998_004.jpg
_x003
_yСтраница
856 4 _lSV_MBA
_tVIEW
_uhttps://webservices.nlr.ru/viewer/file?name=p006793998_005.jpg
_x004
_yСтраница
856 4 1 _lSV_MBA
_tVIEW
_uhttps://webservices.nlr.ru/viewer/file?name=t006793998_001.jpg
_yОбложка
942 _cBOOK
_cBOOK
980 _aNB